Motivácia ako nástroj efektívneho riadenia v práci riaditeľa školy

Problematika motivácie ako dôležitá, komplikovaná a v súčasnom období aj mimoriadne diskutovaná témy v práci riaditeľov škôl. Motivovaní pracovníci sa pri dosahovaní výsledkov osvedčujú efektívnejšie.

Salvato in:
Dettagli Bibliografici
Autore principale: Klimentová, Anna
Natura: Capitolo di libro
Lingua:slovacco
Soggetti:
Tags: Aggiungi Tag
Nessun Tag, puoi essere il primo ad aggiungerne!!

MARC

LEADER 00000naa$a2200000$$$4500
001 0092779
005 20231010125111.8
041 0 |a slo 
044 |a SK 
245 1 0 |a Motivácia ako nástroj efektívneho riadenia v práci riaditeľa školy  |c Anna Klimentová 
520 |a Problematika motivácie ako dôležitá, komplikovaná a v súčasnom období aj mimoriadne diskutovaná témy v práci riaditeľov škôl. Motivovaní pracovníci sa pri dosahovaní výsledkov osvedčujú efektívnejšie. 
610 2 0 |a riadenie 
610 2 0 |a školstvo 
610 2 0 |a motivácia 
610 2 0 |a stimulovanie 
610 2 0 |a efektívnosť 
100 1 |a Klimentová, Anna